[Event "AUTO-OPEN-3172"]
[Site "http://www.queenalice.com/game.php?id=1250508"]
[Date "2014.1.23"]
[Round "1"]
[White "serrameira"]
[Black "Reginato"]
[Result "1-0"]
[WhiteElo "1980"]
[BlackElo "1920"]

1. e4 e5 2. Nf3 d6 3. Bc4 Bg4 4. d4 Bxf3 5. Qxf3 Qf6 6. Qb3 b6 7. dxe5 dxe5 8.
Nc3 Bc5 9. O-O c6 10. Be3 Nd7 11. Rad1 Rd8 12. Na4 b5 13. Bxf7+ Qxf7 14. Qxf7+
Kxf7 15. Nxc5 Ke8 16. Nxd7 Rxd7 17. Rxd7 Kxd7 18. Bxa7 Nf6 19. a3 Kd6 20. Rd1+
Kc7 21. f3 Nd7 22. Be3 h6 23. f4 Nf6 24. fxe5 Ne8 25. b4 g5 26. g3 Rh7 27. Bc5
Rf7 28. e6 Rh7 29. e5 Kc8 30. e7 Kb7 31. Rd8 Rh8 32. Kg2 Kc7 33. Bd6+ Kb7 34.
Kf3 h5 35. Ke4 Rg8 36. Kf5 g4 37. Ke6 1-0

[Event "Challenge"]
[Site "http://www.queenalice.com/game.php?id=1251135"]
[Date "2014.1.25"]
[Round "-"]
[White "heberesteves"]
[Black "Reginato"]
[Result "1-0"]
[WhiteElo "1721"]
[BlackElo "1945"]

1. e4 e5 2. d4 Nf6 3. Qd3 b6 4. dxe5 Ng4 5. h3 Nxe5 6. Qd1 Bc5 7. c3 d6 8. b4
Bxf2+ 9. Kxf2 Qf6+ 10. Nf3 h6 11. Nd2 g5 12. g4 h5 13. gxh5 Rxh5 14. Rg1 Bxh3
15. Bxh3 Rxh3 16. Rxg5 Rh2+ 17. Ke3 Rxd2 18. Bxd2 Nc4+ 19. Kf2 Nd7 20. Rg8+ Nf8
21. Qa4+ Ke7 22. Bg5 a5 23. Bxf6+ Kxf6 24. Qc6 1-0

[Event "OS INCLIVEIS"]
[Site "http://www.queenalice.com/game.php?id=1251137"]
[Date "2014.1.25"]
[Round "-"]
[White "adelio"]
[Black "Reginato"]
[Result "0-1"]
[WhiteElo "1800"]
[BlackElo "1825"]

1. b4 Nc6 2. b5 Nd4 3. e3 Ne6 4. Bb2 a6 5. c4 Nc5 6. d4 Ne4 7. f3 Ng5 8. h4 Ne6
9. g4 c6 10. Nc3 Qc7 11. Ne4 axb5 12. d5 cxd5 13. cxd5 Nc5 14. Rc1 b6 15. Bxb5
Rxa2 16. d6 exd6 17. Bxg7 Bxg7 18. Nxd6+ Kf8 19. f4 Bb7 20. Nxb7 Qxb7 21. Nf3
Bb2 22. O-O Bxc1 23. Qxc1 d6 24. Qd1 d5 25. Qd4 f6 26. g5 Ne6 27. Qb4+ Qe7 28.
Qxe7+ Nxe7 29. gxf6 Nf5 30. Re1 Rg8+ 31. Ng5 h6 32. Rc1 Nc5 33. e4 Nxh4 34. Kf1
hxg5 35. f5 dxe4 36. Bc4 Nd3 37. Bxd3 exd3 38. Rc7 Nxf5 39. Ke1 g4 40. Rb7 d2+
41. Ke2 Nd4+ 42. Kd1 b5 43. f7 Rg5 44. Rd7 Nf3 45. Rb7 Re5 46. Rb8+ Kxf7 47.
Rb7+ Ke6 48. Rb6+ Kd7 49. Rd6+ Ke7 50. Re6+ Kf7 51. Re7+ Kg6 52. Re6+ Kg5 53.
Rg6+ Kh4 54. Rxg4+ Kh5 55. Rh4+ Kg6 56. Rh6+ Kf5 57. Rf6+ Kg5 58. Rg6+ Kh4 59.
Rg4+ Kh3 60. Rg3+ Kh2 61. Rh3+ Kg1 62. Rg3+ Kh1 63. Rg1+ Kh2 64. Rg2+ Kh3 65.
Rg3+ Kh4 66. Rg4+ Kh5 67. Rh4+ Kg6 68. Rh6+ Kf5 69. Rf6+ Kg4 70. Rf4+ Kg3 71.
Rxf3+ Kg4 72. Rf4+ Kh5 73. Rh4+ Kg5 74. Rg4+ Kf5 75. Rf4+ Ke6 76. Rf6+ Kd5 77.
Rd6+ Kc5 78. Rxd2 Rxd2+ 79. Kxd2 Kc4 80. Kc2 b4 81. Kd2 b3 82. Kc1 Kc3 83. Kd1
Ra5 84. Ke2 Kc2 85. Ke3 b2 86. Kd4 b1=Q 87. Ke3 Ra4 88. Kf3 Qb3+ 89. Kf2 Rf4+
90. Kg2 Qf3+ 91. Kg1 Rg4+ 92. Kh2 Qg2# 0-1

[Event "Challenge"]
[Site "http://www.queenalice.com/game.php?id=1260151"]
[Date "2014.2.26"]
[Round "-"]
[White "Edmorf"]
[Black "Reginato"]
[Result "1-0"]
[WhiteElo "1503"]
[BlackElo "1873"]

1. e4 e5 2. Nf3 Nc6 3. Nc3 Nf6 4. d4 Bb4 5. dxe5 Bxc3+ 6. bxc3 Nxe4 7. Qd3 d5 8.
h3 Nc5 9. Qe3 Ne4 10. Bb5 O-O 11. c4 Nb4 12. O-O Nxc2 13. Qb3 Nxa1 14. Qe3 Nc2
15. Qe2 Nb4 16. Ba3 c5 17. Rd1 Nc3 18. Qd2 Nxd1 19. Qxd1 Be6 20. Bb2 a6 21. Ba4
dxc4 22. Qb1 b5 23. Bd1 Qd3 24. Qc1 Nxa2 25. Qa1 c3 26. Ba3 b4 27. Ne1 Qe4 28.
Bf3 Qxf3 29. Nxf3 bxa3 30. Qd1 Rab8 31. Kh2 Rfd8 32. Qe2 Rb2 33. Qxa6 c2 34. Qa5
c1=Q 35. Qxd8# 1-0

[Event "AUTO-OPEN-3199"]
[Site "http://www.queenalice.com/game.php?id=1260487"]
[Date "2014.2.27"]
[Round "1"]
[White "Aspayne"]
[Black "Reginato"]
[Result "1-0"]
[WhiteElo "1997"]
[BlackElo "1839"]

1. e4 e5 2. Nf3 d6 3. d4 Bg4 4. dxe5 Bxf3 5. Qxf3 dxe5 6. Nc3 Bb4 7. Bd2 c6 8.
O-O-O Qa5 9. Bc4 Qc7 10. Bg5 Bd6 11. Bxf7+ Qxf7 12. Qxf7+ Kxf7 13. Rxd6 Ne7 14.
Rhd1 h6 15. Bh4 g5 16. Bg3 h5 17. Bxe5 Rg8 18. Rd8 Ke6 19. Bxb8 Rxb8 20. Rxb8
Rxb8 21. f3 h4 22. Ne2 c5 23. Rd3 b5 24. Kd2 a5 25. Ke3 Rf8 26. g3 h3 27. f4 g4
28. Nc3 b4 29. Nd5 Rc8 30. f5+ Kf7 31. Nxe7 Kxe7 32. Kf4 Rg8 33. e5 1-0

[Event "AUTO-OPEN-3199"]
[Site "http://www.queenalice.com/game.php?id=1260488"]
[Date "2014.2.27"]
[Round "1"]
[White "Reginato"]
[Black "Aspayne"]
[Result "0-1"]
[WhiteElo "1840"]
[BlackElo "1907"]

1. e4 c6 2. Bc4 d5 3. exd5 cxd5 4. Bb5+ Bd7 5. Qe2 Nc6 6. c3 Nf6 7. d3 e6 8. Bg5
Be7 9. h3 O-O 10. Nf3 Qb6 11. a4 a6 12. Bxc6 bxc6 13. Ne5 Be8 14. d4 h6 15. h4
Rb8 16. Ng4 Qxb2 17. Qxb2 Rxb2 18. Bxf6 Bxf6 19. Nd2 Be7 20. Ne3 c5 21. dxc5
Bxc5 22. Nd1 Rc2 23. Nb3 Bxf2+ 24. Nxf2 Rxc3 25. Nc1 Bxa4 26. O-O Bb5 27. Re1
Rfc8 28. Kh2 R8c4 29. g3 e5 30. Ncd3 e4 31. Ne5 Rd4 32. Nd1 Rc2+ 33. Kh3 f6 34.
Ng6 Bd7+ 35. g4 Rd3+ 36. Re3 Rxe3+ 37. Nxe3 Rc3 38. Ne7+ Kh7 39. Nxd5 Rd3 40.
Re1 h5 41. Kg2 hxg4 42. Nf4 Rd2+ 43. Kg3 f5 44. Rd1 Rxd1 45. Nxd1 Kh6 46. Nb2 g5
47. hxg5+ Kxg5 48. Nd5 Bb5 49. Nd1 a5 50. N1c3 Bc4 51. Nb6 f4+ 52. Kh2 g3+ 53.
Kg2 Bd3 54. Nbd5 Kf5 55. Nd1 a4 56. N1c3 a3 57. Nb4 Kg4 58. Nxd3 f3+ 59. Kf1
exd3 60. Ke1 g2 61. Kf2 d2 62. Nd1 a2 0-1

[Event "AUTO-OPEN-3199"]
[Site "http://www.queenalice.com/game.php?id=1260517"]
[Date "2014.2.27"]
[Round "1"]
[White "Reginato"]
[Black "grautvornix"]
[Result "1-0"]
[WhiteElo "1811"]
[BlackElo "1817"]

1. e4 Nf6 2. Qf3 d6 3. h3 c6 4. d4 c5 5. Bb5+ Nfd7 6. d5 Na6 7. Qc3 Nc7 8. Qa5
e6 9. dxe6 fxe6 10. Nf3 Be7 11. h4 O-O 12. Bg5 Nb6 13. Nbd2 Nxb5 14. Qxb5 Bd7
15. Qe2 Bxg5 16. hxg5 Be8 17. O-O-O a6 18. Nc4 Bb5 19. Nfe5 d5 20. Qh5 h6 21.
gxh6 Qf6 22. h7+ Kh8 23. Ng6+ Qxg6 24. Qxg6 Nxc4 25. f3 Rf6 26. Qg5 b6 27. exd5
Rf5 28. Qe7 e5 29. d6 Rff8 30. d7 Rad8 31. b3 Ne3 32. Rd2 Nf5 33. Qxe5 Rxd7 34.
Rxd7 Bxd7 35. Qc7 Be8 36. Qxb6 Bg6 37. Qxg6 1-0

[Event "AUTO-OPEN-3199"]
[Site "http://www.queenalice.com/game.php?id=1260518"]
[Date "2014.2.27"]
[Round "1"]
[White "grautvornix"]
[Black "Reginato"]
[Result "1-0"]
[WhiteElo "1822"]
[BlackElo "1841"]

1. g3 d5 2. d3 Qd6 3. Bg2 e6 4. c3 c6 5. b3 e5 6. Ba3 c5 7. b4 b6 8. bxc5 bxc5
9. d4 Na6 10. dxc5 Qc7 11. Bxd5 Bb7 12. Qa4+ Kd8 13. c6 Bxa3 14. Qxa3 Ne7 15.
cxb7 Rb8 16. Nd2 Nc5 17. Qxa7 Nxd5 18. Nc4 Rxb7 19. Qa8+ Qb8 20. Qa5+ Rc7 21.
Nxe5 Ke7 22. Ngf3 Qb2 23. O-O Rhc8 24. Nd3 Qxc3 25. Qxc3 Nxc3 26. Nd4 Kf6 27.
Rfe1 N5e4 28. f3 Ng5 29. Nf4 Rc5 30. Kf2 g6 31. a4 Ra8 32. Nb3 Rc4 33. a5 Ra6
34. Nd3 Ne6 35. Nb2 Rb4 36. Ra3 Nb5 37. Nd3 Rc4 38. Raa1 Ned4 39. Nbc5 Ra7 40.
Rab1 Rxa5 41. Rec1 Rxc1 42. Rxc1 Ra2 43. Re1 Ke7 44. g4 Nc3 45. Nc1 Rc2 46. Ke3
Ncxe2 47. N5d3 Nxc1 48. Nxc1 Ne6 49. Ne2 g5 50. Kd3 Ra2 51. Nd4 Rxh2 52. Nf5+
Kf6 53. Ng3 Nf4+ 54. Kd4 Rd2+ 55. Kc4 Ng2 56. Ra1 Nf4 57. Ne4+ 1-0

[Event "AUTO-OPEN-3199"]
[Site "http://www.queenalice.com/game.php?id=1260519"]
[Date "2014.2.27"]
[Round "1"]
[White "Reginato"]
[Black "Antero"]
[Result "0-1"]
[WhiteElo "1843"]
[BlackElo "1844"]

1. e4 e5 2. Nf3 Nc6 3. Bb5 a6 4. Bxc6 dxc6 5. Nxe5 Nf6 6. Qf3 Bd6 7. d4 Bxe5 8.
dxe5 Nd7 9. Qg3 g6 10. c3 Nc5 11. Bh6 Nxe4 12. Qe3 Qd5 13. Bg7 Rg8 14. Bf6 Nxf6
15. exf6+ Qe6 16. O-O Qxe3 17. fxe3 Bf5 18. Nd2 O-O-O 19. Rf2 Rge8 20. Re1 Be4
21. a3 h5 22. Rf4 Rxd2 0-1

[Event "AUTO-OPEN-3199"]
[Site "http://www.queenalice.com/game.php?id=1260520"]
[Date "2014.2.27"]
[Round "1"]
[White "Antero"]
[Black "Reginato"]
[Result "0-1"]
[WhiteElo "1730"]
[BlackElo "1827"]

1. e4 e5 2. Nf3 d6 3. Bc4 Bg4 4. d3 a5 5. a3 Be7 6. Nc3 Qd7 7. O-O c6 8. Be3 h6
9. d4 b5 10. Ba2 Nf6 11. dxe5 Bxf3 12. Qxf3 dxe5 13. Rad1 Qc8 14. Rfe1 Qg4 15.
Qxg4 Nxg4 16. a4 b4 17. Nb1 Nd7 18. h3 Ngf6 19. Nd2 Rd8 20. Nc4 Nxe4 21. f3 Bh4
22. Re2 Ng3 23. Red2 Nf5 24. Bf2 Bxf2+ 0-1

[Event "AUTO-ADV-3037"]
[Site "http://www.queenalice.com/game.php?id=1275364"]
[Date "2014.4.23"]
[Round "2"]
[White "Lucascg"]
[Black "Reginato"]
[Result "1-0"]
[WhiteElo "2193"]
[BlackElo "1827"]

1. Nf3 d6 2. g3 e5 3. Bg2 Bg4 4. O-O Qd7 5. Re1 e4 6. Nd4 c5 7. Nb3 d5 8. d3 Nf6
9. Bg5 Qf5 10. Bxf6 Qxf6 11. Nc3 Qe6 12. dxe4 d4 13. Nd5 Qd7 14. Qd2 Bd6 15. Qg5
f6 16. Qd2 Be6 17. e3 Bxd5 18. exd5 O-O 19. exd4 b6 20. dxc5 bxc5 21. c4 Na6 22.
Re6 Nc7 23. Re2 Rf7 24. Na5 Raf8 25. Nc6 a6 26. Rae1 Re8 27. Rxe8+ Nxe8 28. Qa5
Nc7 29. Qb6 g6 30. Nb8 Qc8 31. Qxd6 Qxb8 32. Qxc5 Qxb2 33. d6 Qc3 34. Re3 Qc1+
35. Bf1 Nb5 36. d7 Qd1 37. Re8+ Kg7 38. d8=Q Qxd8 39. Rxd8 Nc3 40. Qd4 Nxa2 41.
Qb2 1-0

[Event "AUTO-ADV-3037"]
[Site "http://www.queenalice.com/game.php?id=1275365"]
[Date "2014.4.23"]
[Round "2"]
[White "Reginato"]
[Black "Lucascg"]
[Result "0-1"]
[WhiteElo "1813"]
[BlackElo "2201"]

1. e4 d6 2. g3 Nf6 3. Bg2 e5 4. h3 Nc6 5. Ne2 Be7 6. d3 h5 7. Bg5 Nh7 8. Be3 Be6
9. Nec3 Nf6 10. Bg5 Qd7 11. a3 O-O-O 12. Be3 Ne8 13. Nd2 h4 14. g4 g6 15. Qf3 f5
16. exf5 gxf5 17. g5 d5 18. Bxa7 Nxa7 19. Qe2 Nc6 20. Nb5 Bxg5 21. c4 dxc4 22.
Bxc6 bxc6 23. Qf3 Bxd2+ 24. Kxd2 Qxd3+ 25. Qxd3 Rxd3+ 26. Ke2 cxb5 27. f3 Bd5
28. Raf1 Rg8 29. Rh2 Rg3 0-1

[Event "AUTO-ADV-3037"]
[Site "http://www.queenalice.com/game.php?id=1275368"]
[Date "2014.4.23"]
[Round "2"]
[White "Nille"]
[Black "Reginato"]
[Result "1-0"]
[WhiteElo "1793"]
[BlackElo "1860"]

1. e4 c5 2. Bc4 Nf6 3. d3 h6 4. Nf3 d5 5. exd5 Bg4 6. Nbd2 Qc7 7. h3 Bf5 8. O-O
g5 9. Nh2 Qd6 10. Qf3 a6 11. Qxf5 Nbd7 12. Re1 O-O-O 13. Ne4 Qb6 14. Nxf6 exf6
15. a3 Kb8 16. Ng4 Bd6 17. Nxf6 Ne5 18. Bb3 Ng6 19. Nd7+ Rxd7 20. Qxd7 Ne5 21.
Rxe5 Bxe5 22. Qxf7 Rd8 23. Qe7 Bd4 24. c3 Bf6 25. Qe6 Rd6 26. Qe4 Qd8 27. Be3 b6
28. f4 Ka7 29. Qh7+ Be7 30. fxg5 Rd7 31. Qxh6 Bd6 32. d4 Qc7 33. g6 c4 34. Bc2
Rg7 35. Bg5 Bf8 36. Bf6 1-0

[Event "AUTO-ADV-3037"]
[Site "http://www.queenalice.com/game.php?id=1275369"]
[Date "2014.4.23"]
[Round "2"]
[White "Reginato"]
[Black "Nille"]
[Result "1-0"]
[WhiteElo "1845"]
[BlackElo "1808"]

1. e4 e5 2. f4 d5 3. Qf3 dxe4 4. Qxe4 Nf6 5. Qxe5+ Qe7 6. Qxe7+ Bxe7 7. d3 O-O
8. Be2 Nc6 9. h3 h6 10. Be3 Nb4 11. Na3 Nbd5 12. Nc4 b5 13. Bf3 bxc4 14. O-O-O
Nxe3 15. Re1 Bc5 16. Bxa8 cxd3 17. cxd3 Ba6 18. b4 Bd4 19. Kd2 Nxg2 20. Bxg2 c5
21. bxc5 Bxc5 22. Rb1 Rd8 23. Bf1 Ne4+ 24. Kc2 Nf2 25. Rh2 Nxd3 26. Nf3 Nxf4 27.
Bxa6 Bb6 28. Rd2 Re8 29. Rh1 Re3 30. Ng1 Rg3 31. Ne2 Nxe2 32. Bxe2 Rg2 33. Bd3
Rg3 34. Re1 f6 35. Re8+ Kf7 36. Rde2 Rxh3 37. R2e7# 1-0

[Event "OS INCLIVEIS"]
[Site "http://www.queenalice.com/game.php?id=1291318"]
[Date "2014.6.29"]
[Round "-"]
[White "adelio"]
[Black "Reginato"]
[Result "0-1"]
[WhiteElo "1845"]
[BlackElo "1837"]

1. a3 e5 2. c4 d6 3. e4 a6 4. Be2 Nf6 5. d3 Be7 6. h4 c5 7. h5 h6 8. g4 Nc6 9.
g5 hxg5 10. Bxg5 Rg8 11. h6 gxh6 12. Bxf6 Bxf6 13. Nd2 Ke7 14. Nf1 Be6 15. Ng3
Nd4 16. Bh5 Bg5 17. Nf3 Rc8 18. Nxd4 cxd4 19. Qf3 b5 20. Nf5+ Kd7 21. Bg4 Bf4
22. Ke2 bxc4 23. Nxh6 Qa5 24. Rad1 Rb8 25. Bxe6+ fxe6 26. Ng4 Rxb2+ 27. Kf1 Qxa3
28. Rh7+ Kc6 29. Nf6 Rg6 30. Nd5 exd5 31. exd5+ Kb6 32. Qh3 Qa4 33. Qh5 Qc2 34.
Qf3 Rf6 35. Rg7 Bg5 36. Qg3 Rxf2+ 37. Qxf2 Qxf2# 0-1

[Event "OS INCLIVEIS"]
[Site "http://www.queenalice.com/game.php?id=1291319"]
[Date "2014.6.29"]
[Round "-"]
[White "Reginato"]
[Black "adelio"]
[Result "1-0"]
[WhiteElo "1824"]
[BlackElo "1748"]

1. e4 g6 2. d4 c5 3. d5 d6 4. Nf3 a6 5. Be2 h6 6. O-O e5 7. Nc3 Be7 8. a4 h5 9.
h3 h4 10. Qd3 g5 11. Nh2 Nh6 12. Bd2 Nd7 13. Qf3 Nf8 14. a5 Ng6 15. Na4 Nf4 16.
Bxf4 exf4 17. Nb6 g4 18. Nxg4 Nxg4 19. hxg4 h3 20. Nxa8 hxg2 21. Kxg2 Rh4 22.
Nb6 Rxg4+ 23. Qxg4 Bxg4 24. Bxg4 f3+ 25. Kxf3 Bh4 26. Bd7+ Kf8 27. Bf5 Qg5 28.
Rh1 Ke7 29. Nc8+ Kf8 30. Rag1 Qf6 31. Nb6 Qxb2 32. Rxh4 Qc3+ 33. Kg2 Qxc2 34.
Rh8+ Kg7 35. Re8 f6 36. Kh1+ Kf7 37. Be6+ Kxe8 38. Rg8+ Ke7 39. Nc8# 1-0

[Event "AUTO-OPEN-3172"]
[Site "http://www.queenalice.com/game.php?id=1293604"]
[Date "2014.7.9"]
[Round "2"]
[White "Justiceseeker"]
[Black "Reginato"]
[Result "1-0"]
[WhiteElo "2009"]
[BlackElo "1892"]

1. e4 e5 2. f4 d6 3. Nf3 Bg4 4. Bc4 exf4 5. O-O Qf6 6. Nc3 c6 7. d4 b5 8. Bb3 b4
9. Ne2 g5 10. g3 h5 11. gxf4 gxf4 12. Bxf4 Bh3 13. e5 dxe5 14. Bg5 Qg6 15. dxe5
Ne7 16. Rf2 Qg7 17. Nf4 Bg4 18. h3 Bxf3 19. Rxf3 Qxg5+ 20. Kf2 Bh6 21. Bxf7+
Kxf7 22. Ne6+ Qf5 23. Rxf5+ Nxf5 24. Nc7 Be3+ 25. Kf3 Bd4 26. Nxa8 Bxe5 27. Ke4
Ke6 28. c3 Nd7 29. Qb3+ Kf6 30. Qxb4 Rxa8 31. Rf1 Re8 32. Rxf5+ Kg6 33. Rxe5
Rxe5+ 34. Kd3 Kf5 35. Qh4 Ke6 36. b4 a5 37. bxa5 Rxa5 38. a4 Nc5+ 39. Kc2 1-0

[Event "AUTO-OPEN-3172"]
[Site "http://www.queenalice.com/game.php?id=1293605"]
[Date "2014.7.9"]
[Round "2"]
[White "Reginato"]
[Black "Justiceseeker"]
[Result "1-0"]
[WhiteElo "1853"]
[BlackElo "2033"]

1. e4 e5 2. f4 exf4 3. Nc3 Qh4+ 4. Ke2 d6 5. Kd3 b6 6. Nd5 Na6 7. Kc3 Nf6 8. Nf3
Nxe4+ 9. Kb3 Nac5+ 10. Ka3 Qh5 11. Bb5+ Kd8 12. Nxf4 Qf5 13. Nd4 1-0

[Event "Challenge"]
[Site "http://www.queenalice.com/game.php?id=1306048"]
[Date "2014.9.4"]
[Round "-"]
[White "ORNELAS"]
[Black "Reginato"]
[Result "1-0"]
[WhiteElo "1617"]
[BlackElo "1881"]

1. e4 e5 2. c3 d5 3. exd5 Qxd5 4. Nf3 e4 5. Nd4 Bd7 6. Be2 Nc6 7. Nxc6 Bxc6 8.
O-O Nf6 9. d4 exd3 10. Bf3 Qf5 11. Bxc6+ bxc6 12. Be3 Bd6 13. Nd2 1-0